Video Games by Description - Statistics

General Stats
  • This quiz has been taken 7,344 times
  • The average score is 12 of 15
Answer Stats
Hint Answer % Correct
A plumber jumps over mushrooms and turtles in order to save a princess in another castle Super Mario Bros.
100%
Drive around large cities while blowing up stuff and robbing banks. Grand Theft Auto
98%
Create your own kingdom in a world made of cubes. Minecraft
98%
A first-person shooter that keeps advancing in modern warfare. Call Of Duty
96%
Take kart-racing to the next level by avoiding blue shells and banana peels. Mario Kart
95%
Collect as many pocket monsters as you can and train them to become experienced fighters super effectively. Pokemon Red and Blue
93%
The world's fastest blue animal has to speed his way through looped rock formations to stop an evil scientist and his plans. Sonic The Hedgehog
92%
Put virtual people in a house that helps direct their moods and satisfies their desires. The Sims
90%
Play up to 5 different sports on Nintendo's biggest home console. Wii Sports
86%
Place various geometric shapes in a certain order to clear a line. Tetris
84%
Nintendo's most popular characters battle it out in this series of fighting games. Super Smash Bros.
82%
As the hero of time, save the world from an evil wizard and rescue a princess. The Legend Of Zelda
78%
Defeat a dragon by using your own dragon shouting powers. The Elder Scrolls V: Skyrim
69%
Another first-person shooter focused more on teamwork and large, multiplayer battles. Battlefield
59%
Become a part of a battle between humans and demons led by the lord of terror himself. Diablo
30%
No matching quizzes found
Score Distribution
Percent of People with Each Score
Percentile by Number Answered
Your Score History
You have not taken this quiz